000 00444nam a2200181Ia 4500
005 20240719045207.0
008 240331s9999 xx 000 0 und d
020 _a0415912024
082 _bBAI
_a291
100 _aBainbridge, W.S
245 4 _aThe sociology of religious movements
260 _aNew York
_bRoutledge
_c1997
300 _avi, 474 p .,
650 _aSociology
650 _aReligion
650 _aSocio- Cultural
942 _cL
999 _c1376
_d1376